Tsunami in South Asia : (Record no. 5675)

MARC details
000 -LEADER
fixed length control field 00596 a2200169 4500
010 ## - LCCN (DPL NO)
LC control number ENG-86965
020 ## - INTERNATIONAL STANDARD BOOK NUMBER
International Standard Book Number 8184241895
Terms of availability 375.00
035 ## - SYSTEM CONTROL NUMBER
System control number EN-70498
037 ## - SOURCE OF ACQUISITION
Source of stock number/acquisition DBAD / PUB
082 14 - DEWEY DECIMAL CLASSIFICATION NUMBER
Classification number 551.47024
245 1# - TITLE STATEMENT
Title Tsunami in South Asia :
Remainder of title studies on impact of tsunami on communities of Andaman and Nicobar Islands /
260 ## - PUBLICATION, DISTRIBUTION, ETC. (IMPRINT)
Place of publication, distribution, etc New Delhi
Name of publisher, distributor, etc Allied Publishers
Date of publication, distribution, etc 2007
270 ## - ADDRESS
Address 1/13-14 Asaf Ali Road
City New Delhi
Postal code 110 002
Telephone number 011-23239001
300 ## - PHYSICAL DESCRIPTION
Extent xi, 195 p.
Other physical details col. & b & w photos
Dimensions 24 cm. (Pbk)
500 ## - GENERAL NOTE
General note Includes glossary
942 ## - ADDED ENTRY ELEMENTS (KOHA)
Institution code [OBSOLETE] dpl
Item type English Books
Source of classification or shelving scheme Dewey Decimal Classification
Classification part 551.47024
Call number suffix TSU
Holdings
Withdrawn status Lost status Not for loan Collection code Home library Current library Source of acquisition Cost, normal purchase price Full call number Barcode Copy number Cost, replacement price Koha item type
    Not For Loan Non-fiction D.B.Act.Division D.B.Act.Division DBAD/PUB 375.00 551.47024 TSU EN-70498 1 375.00 English Books

© Delhi Public Library
Hit Counter
free hit counter